Quaternary environments / (Record no. 9067)
[ view plain ]
| 000 -LEADER | |
|---|---|
| fixed length control field | 01256pam a2200349 a 4500 |
| 001 - CONTROL NUMBER | |
| control field | 4980513 |
| 003 - CONTROL NUMBER IDENTIFIER | |
| control field | OSt |
| 005 - DATE AND TIME OF LATEST TRANSACTION | |
| control field | 20240704140816.0 |
| 008 - FIXED-LENGTH DATA ELEMENTS--GENERAL INFORMATION | |
| fixed length control field | 980611s1998 nyua b 001 0 eng |
| 010 ## - LIBRARY OF CONGRESS CONTROL NUMBER | |
| LC control number | 98028792 |
| 020 ## - INTERNATIONAL STANDARD BOOK NUMBER | |
| International Standard Book Number | 0340691514 (pbk.) |
| 040 ## - CATALOGING SOURCE | |
| Transcribing agency | must |
| 050 00 - LIBRARY OF CONGRESS CALL NUMBER | |
| Classification number | QE720 |
| Item number | .Q36 1998 |
| 082 00 - DEWEY DECIMAL CLASSIFICATION NUMBER | |
| Classification number | 333.7 QUA |
| Edition number | 21 |
| 100 ## - MAIN ENTRY--PERSONAL NAME | |
| Personal name | WILLIAMS,mARTIN |
| 9 (RLIN) | 18436 |
| 245 00 - TITLE STATEMENT | |
| Title | Quaternary environments / |
| Statement of responsibility, etc. | Martin Williams ... [et al.]. |
| 250 ## - EDITION STATEMENT | |
| Edition statement | 2nd ed. |
| 260 ## - PUBLICATION, DISTRIBUTION, ETC. (IMPRINT) | |
| Place of publication, distribution, etc. | New York : |
| Name of publisher, distributor, etc. | Arnold, |
| Date of publication, distribution, etc. | c1998. |
| 300 ## - PHYSICAL DESCRIPTION | |
| Extent | viii, 329 p. : |
| Other physical details | ill. ; |
| Dimensions | 28 cm. |
| 504 ## - BIBLIOGRAPHY, ETC. NOTE | |
| Bibliography, etc | Includes bibliographical references and index. |
| 650 #0 - SUBJECT ADDED ENTRY--TOPICAL TERM | |
| Topical term or geographic name as entry element | Paleoecology |
| Chronological subdivision | Quaternary. |
| 9 (RLIN) | 18437 |
| 700 1# - ADDED ENTRY--PERSONAL NAME | |
| Personal name | Williams, M. A. J. |
| 9 (RLIN) | 18438 |
| 700 1# - ADDED ENTRY--PERSONAL NAME | |
| Personal name | Dunkerley,David |
| 9 (RLIN) | 18439 |
| 700 1# - ADDED ENTRY--PERSONAL NAME | |
| Personal name | Deckker,Patrick De |
| 9 (RLIN) | 18440 |
| 700 1# - ADDED ENTRY--PERSONAL NAME | |
| Personal name | Kershaw,Peter |
| 9 (RLIN) | 18441 |
| 700 1# - ADDED ENTRY--PERSONAL NAME | |
| Personal name | Chappell,John |
| 9 (RLIN) | 18442 |
| 856 42 - ELECTRONIC LOCATION AND ACCESS | |
| Materials specified | Publisher description |
| Uniform Resource Identifier | <a href="http://www.loc.gov/catdir/enhancements/fy0603/98028792-d.html">http://www.loc.gov/catdir/enhancements/fy0603/98028792-d.html</a> |
| 856 41 - ELECTRONIC LOCATION AND ACCESS | |
| Materials specified | Table of contents only |
| Uniform Resource Identifier | <a href="http://www.loc.gov/catdir/enhancements/fy0603/98028792-t.html">http://www.loc.gov/catdir/enhancements/fy0603/98028792-t.html</a> |
| 906 ## - LOCAL DATA ELEMENT F, LDF (RLIN) | |
| a | 7 |
| b | cbc |
| c | orignew |
| d | 1 |
| e | ocip |
| f | 19 |
| g | y-gencatlg |
| 942 ## - ADDED ENTRY ELEMENTS (KOHA) | |
| Source of classification or shelving scheme | Dewey Decimal Classification |
| Koha item type | Open Shelf |
| Withdrawn status | Lost status | Source of classification or shelving scheme | Damaged status | Not for loan | Home library | Current library | Date acquired | Source of acquisition | Inventory number | Total Checkouts | Full call number | Barcode | Date last seen | Price effective from | Koha item type |
|---|---|---|---|---|---|---|---|---|---|---|---|---|---|---|---|
| Dewey Decimal Classification | MUST Main Library | MUST Main Library | 04/07/2024 | donation | 06/26455 | 333.7 QUA 1993 | 2024-21773 | 04/07/2024 | 04/07/2024 | Open Shelf |
